Estadísticas para Ciudades de China sin Vocales

Haz click aquí para tomar la prueba!

Estadísticas generales

  • Esta prueba ha sido tomada 11 veces
  • La puntuación promedio es 15 de 24

Estadísticas de respuestas

PistaCiudad% Correcto
LH_S_Lhasa
100%
SH_NGH__Shanghái
100%
W_H_NWuhan
100%
C_NT_NCantón
89%
H_NG K_NGHong Kong
89%
M_C__Macao
89%
H_RB_NHarbin
78%
N_NK_NNankín
78%
SH_NZH_NShenzhen
78%
CH_NGQ_NGChongqing
67%
H_NGZH__Hangzhou
67%
T__NJ_NTianjin
67%
X_'_NXi'an
67%
SH_NY_NGShenyang
56%
_R_MQ_Ürümqi
56%
W_X_Wuxi
56%
H_F__Hefei
44%
Q_NGD__Qingdao
44%
CH_NGCH_NChangchun
33%
D_L__NDalian
33%
D_NGG__NDongguan
33%
H_HH_THohhot
33%
ZH_NGZH__Zhengzhou
33%
C__D_D J_L_NCiudad Jilin
22%

Distribución de puntuación

Porcentaje por número respondido

Porcentaje de gente con cada puntuación

Historial de tus puntuaciones

No has tomado esta prueba